000 00868nam a2200241 i 4500
001 91754
003 ES-MaACL
005 20230906180814.0
007 t|
008 050211s2003 sp ||||1| spa d
080 _a73 Bordes, Juan (083.824)
100 1 _aBordes, Juan.
_930399
245 1 0 _aTeatro de operaciones
_b: el taller 1975-2002 /
_cJuan Bordes.
260 _aMadrid :
_bCentro Cultural Conde Duque,
_c[2003]
300 _a[22] p., 54 h. :
_bprincipalmente il. col. ;
_c20 cm.
500 _aCatálogo publicado con motivo de la exposición celebrada en el Conde Duque, diciembre 2003.
600 1 4 _aBordes, Juan-
_vExposiciones.
_930400
655 7 _2tgfbne
_9193628
_aCatálogos de exposiciones
710 2 _aCentro Cultural del Conde Duque.
_92579
852 _aES-MaACL
_j2187-F-1
_bR.133478
942 _2udc
999 _c91754
_d91754